000 00491nam a2200169 i 4500
001 88097
003 ES-MaACL
005 20230906175813.0
007 t|
008 050103m19621963fr ||||1| fre d
100 1 _aLagasse, Jean.
_969563
245 1 0 _aEtude des circuits electriques /
_cpar Jean Lagasse ; préface du L. Escande.
260 _aParis :
_bEyrolles,
_c1962-63.
300 _a2 v. :
_bil. ;
_c25 cm.
700 1 _aEscande, L.
_947498
852 _aES-MaACL
_jC-24784-5
_bR.50949
999 _c88097
_d88097